In vivo study of seaweed as a potential whitening agent in cosmetic formulation /
محفوظ في:
| المؤلف الرئيسي: | |
|---|---|
| التنسيق: | أطروحة كتاب |
| اللغة: | English |
| منشور في: |
2009.
|
| الموضوعات: | |
| الوسوم: |
إضافة وسم
لا توجد وسوم, كن أول من يضع وسما على هذه التسجيلة!
|
| LEADER | 00909cam a2200253 a 4500 | ||
|---|---|---|---|
| 001 | u796206 | ||
| 003 | SIRSI | ||
| 005 | 201008200950 | ||
| 008 | 100820s2009 my x 000 0 eng m | ||
| 040 | |a UMP | ||
| 096 | |a QU4 |b UM 2009 Lee | ||
| 100 | 1 | |a Lee, Ern Chi. | |
| 245 | 1 | 0 | |a In vivo study of seaweed as a potential whitening agent in cosmetic formulation / |c by Lee Ern Chi. |
| 260 | |c 2009. | ||
| 300 | |a xiv, 111 leaves : |b col. ill. ; |c 30cm. | ||
| 502 | |a Research report (B.Biomed.Sc.) -- Department of Molecular Medicine, Faculty of Medicine, University of Malaya, 2009. | ||
| 504 | |a Bibliography: leaves 84-100. | ||
| 650 | 1 | 2 | |a Seaweed. |
| 650 | 2 | 2 | |a Cosmetics. |
| 650 | 2 | 2 | |a Dermatologic Agents. |
| 710 | 2 | 0 | |a Universiti Malaya. |b Jabatan Perubatan Molekul. |
| 900 | |a RAH | ||
| 596 | |a 2 | ||
| 999 | |a QU4 UM 2009 LEE |w NLM |c 1 |i A514326244 |d 19/10/2010 |f 19/10/2010 |g 1 |l TESIS |m P02MEDKL |r Y |s Y |t TESIS |u 19/10/2010 | ||
